LIBRARY & INFORMATION CENTRE, KCAET, TAVANUR

ONLINE PUBLIC ACCESS CATALOGUE (OPAC)

Plants of India / (Record no. 10187)

MARC details
000 -LEADER
fixed length control field 00545cam a2200217ua 4500
041 ## - LANGUAGE CODE
Language code of text/sound track or separate title eng
082 ## - DEWEY DECIMAL CLASSIFICATION NUMBER
Classification number 581
Item number SAL/PL
100 ## - MAIN ENTRY--AUTHOR NAME
Personal name Saldanha, Cecil J .
245 ## - TITLE STATEMENT
Title Plants of India /
260 ## - PUBLICATION, DISTRIBUTION, ETC. (IMPRINT)
Place of publication New Delhi :
Name of publisher Oxford & IBH Publishing company ,
Year of publication 1984.
300 ## - PHYSICAL DESCRIPTION
Number of Pages 112 ; .
500 ## - GENERAL NOTE
General note **Reference
700 1# - ADDED ENTRY--PERSONAL NAME
Personal name Dhawan, .
700 1# - ADDED ENTRY--PERSONAL NAME
Personal name Jyetsna, .
942 ## - ADDED ENTRY ELEMENTS (KOHA)
Koha item type Books
Holdings
Withdrawn status Lost status Damaged status Home library Current library Date acquired Full call number Accession Number Koha item type
      KAUAET KAUAET 07/04/2012 581 14644 Reference
      KAUAET KAUAET 01/09/1986 581 15559 Reference
free website counter